000 00630nam a22002417a 4500
003 UA-OsUOA
001 27704
007 ta
008 20040910b un ||||| |||| 00| 0 ukr d
090 _a78.072
_bМ90
942 _cBK
040 _aUA-OsUOA
_brus
_cUA-OsUOA
_dUA-OsUOA
245 _aМузыкальная фольклористика
_cСост. А.А.Банин
300 _a216 с.
_bІлюстрації
955 _a0
041 _arus
080 _a78.072
260 _aМосква
_bСоветский композитор
_c1973
246 3 1 _aВып.1
_n
044 _aRU
650 7 _2UDC
999 _c314054
_d314054